Odgers' Australian Senate practice. (Record no. 2425)

MARC details
000 -LEADER
fixed length control field 01630cas a2200445 a 4500
001 - CONTROL NUMBER
control field 13758609
003 - CONTROL NUMBER IDENTIFIER
control field OSt
005 - DATE AND TIME OF LATEST TRANSACTION
control field 20230623102431.0
008 - FIXED-LENGTH DATA ELEMENTS--GENERAL INFORMATION
fixed length control field 960417c19959999acauu m f0 a0eng d
010 ## - LIBRARY OF CONGRESS CONTROL NUMBER
LC control number 2008204879
020 ## - INTERNATIONAL STANDARD BOOK NUMBER
International Standard Book Number 064271147X
035 ## - SYSTEM CONTROL NUMBER
System control number (OCoLC)ocn221821726
040 ## - CATALOGING SOURCE
Original cataloging agency AU@
Language of cataloging eng
Transcribing agency DLC
Modifying agency AU@
-- OCLCQ
-- OCLCO
-- OCLCF
-- OCLCQ
-- OCLCO
042 ## - AUTHENTICATION CODE
Authentication code lccopycat
043 ## - GEOGRAPHIC AREA CODE
Geographic area code u-at---
082 ## - DEWEY DECIMAL CLASSIFICATION NUMBER
Classification number 328.94
Item number EVA
100 ## - MAIN ENTRY--PERSONAL NAME
Titles and words associated with a name Harry Evans
Fuller form of name Clerk of the Senate
245 00 - TITLE STATEMENT
Title Odgers' Australian Senate practice.
246 30 - VARYING FORM OF TITLE
Title proper/short title Australian Senate practice
260 ## - PUBLICATION, DISTRIBUTION, ETC. (IMPRINT)
Place of publication, distribution, etc. Canberra :
Name of publisher, distributor, etc. Commonwealth of Austratia
Date of publication, distribution, etc. 2001
300 ## - PHYSICAL DESCRIPTION
Extent 716p
336 ## - CONTENT TYPE
Content type term text
Content type code txt
Source rdacontent
337 ## - MEDIA TYPE
Media type term unmediated
Media type code n
Source rdamedia
338 ## - CARRIER TYPE
Carrier type term volume
Carrier type code nc
Source rdacarrier
362 0# - DATES OF PUBLICATION AND/OR SEQUENTIAL DESIGNATION
Dates of publication and/or sequential designation 7th ed. (1995)-
500 ## - GENERAL NOTE
General note Edited by Harry Evans, Clerk of the Senate.
500 ## - GENERAL NOTE
General note Includes index ; some issues have supplement called: updates.
588 ## - SOURCE OF DESCRIPTION NOTE
Source of description note Latest issue consulted: 10th ed. (2001).
610 10 - SUBJECT ADDED ENTRY--CORPORATE NAME
Corporate name or jurisdiction name as entry element Australia.
Subordinate unit Parliament.
-- Senate
Form subdivision Rules and practice.
610 17 - SUBJECT ADDED ENTRY--CORPORATE NAME
Corporate name or jurisdiction name as entry element Australia.
Subordinate unit Parliament.
-- Senate.
Source of heading or term fast
Authority record control number (OCoLC)fst00545358
655 #7 - INDEX TERM--GENRE/FORM
Genre/form data or focus term Rules.
Source of term fast
Authority record control number (OCoLC)fst01423857
700 1# - ADDED ENTRY--PERSONAL NAME
Personal name Evans, Harry,
Dates associated with a name 1946-
700 1# - ADDED ENTRY--PERSONAL NAME
Personal name Odgers, J. R.
Fuller form of name (James Rowland),
Dates associated with a name 1914-1985.
710 1# - ADDED ENTRY--CORPORATE NAME
Corporate name or jurisdiction name as entry element Australia.
Subordinate unit Parliament.
-- Department of the Senate.
780 00 - PRECEDING ENTRY
Title Australian Senate practice
906 ## - LOCAL DATA ELEMENT F, LDF (RLIN)
a 7
b cbc
c sercoop
d 2
e ncip
f 20
g n-oclcserc
942 ## - ADDED ENTRY ELEMENTS (KOHA)
Source of classification or shelving scheme Dewey Decimal Classification
Koha item type Books
Holdings
Withdrawn status Lost status Source of classification or shelving scheme Damaged status Not for loan Home library Current library Date acquired Total Checkouts Full call number Barcode Date last seen Price effective from Koha item type
    Dewey Decimal Classification     County Hall Archives County Hall Archives 06/23/2023   328.94 EVA 10000362 06/23/2023 06/23/2023 Books
    Dewey Decimal Classification     County Hall Archives County Hall Archives 06/23/2023   328.94 EVA 10000364 06/23/2023 06/23/2023 Books
LIBRARY OPENING HOURS

When the Parliament is sitting: 8.00a.m - 7.00p.m or until the house adjourns
Mondays and Fridays and when the House is on Recess:  8.00a.m - 5.00p.m
Closed on Weekends and Public Holidays

Online Public Access Catalog (OPAC)
Website: http://www.parliament.go.ke
Bunge Library: https://libraryir.parliament.go.ke
Contact: library@parliament.go.ke | Tel no: (254-2)2221291 or 2848000 Ext 5043